'And' or 'In'? Quiz Stats

 Plays Quiz Updated Nov 21, 2018

     
Support Sporcle.
Go Orange.
Score 0/20 Timer 05:00
0 Plays Today
Question Answer Wrong Answers
The Good, the Bad ___ the Ugly
movie
and
93.6%
in
0.3%
Beauty ___ the Beast
movie
and
93.6%
in
0.4%
The Fast ___ the Furious
movie
and
93.5%
in
0.4%
Earth, Wind ___ Fire
music group
and
93.5%
in
0.4%
The King ___ I
movie
and
92.7%
in
1.2%
The Lion, the Witch ___ the Wardrobe
book
and
92.5%
in
1.6%
Charlie ___ the Chocolate Factory
book
and
92.4%
in
1.6%
The Fox ___ the Hound
movie
and
92.4%
in
1.5%
Harry Potter ___ the Chamber of Secrets
book
and
92%
in
1.9%
Singin' ___ the Rain
movie
in
91.9%
and
2.1%
War ___ Peace
book
and
91.7%
in
2.2%
Alice ___ Wonderland
movie
in
90.5%
and
3.4%
Indiana Jones ___ the Temple of Doom
movie
and
90.1%
in
3.9%
Alice ___ Chains
music group
in
89.6%
and
4.3%
The Catcher ___ the Rye
book
in
84.9%
and
9.1%
The Old Man ___ the Sea
book
and
82.9%
in
11%
The Cat ___ the Hat
book
in
81%
and
13%
The Wind ___ the Willows
book
in
75.6%
and
18.4%
The Sword ___ the Stone
movie
in
73.6%
and
20.5%
Sex ___ the City
TV show
and
59.2%
in
35%

From the Vault

FBS Bowl Game Map Minefield

by tim_parr

Sports 2m
There's a lot of bowl games, but not a lot of bowl game states. You're up for a challenge on this one!
Remove Ads.
Support Sporcle.
Get the best of Sporcle when you Go Orange. This ad-free experience offers more features, more stats, and more fun while also helping to support Sporcle. Thank you for becoming a member.

Show Comments

Extras

Top Quizzes Today


Score Distribution

Your Account Isn't Verified!

In order to create a playlist on Sporcle, you need to verify the email address you used during registration. Go to your Sporcle Settings to finish the process.

Report this User

Report this user for behavior that violates our Community Guidelines.

Details: